Towards a classification to facilitate the design of domain-specific visual languages
Domain-specific visual languages (DSVLs) are specialized modeling languages that allow the effective management of the behavior and the structure of software programs and systems in a specific domain. Each DSVL has its specific structural and graphical characteristics depending on the problem domain...
Elmentve itt :
| Szerzők: | |
|---|---|
| Testületi szerző: | |
| Dokumentumtípus: | Könyv része |
| Megjelent: |
2018
|
| Sorozat: | Conference of PhD Students in Computer Science
11 |
| Kulcsszavak: | Számítástechnika |
| Online Access: | http://acta.bibl.u-szeged.hu/61788 |
| LEADER | 01604naa a2200205 i 4500 | ||
|---|---|---|---|
| 001 | acta61788 | ||
| 005 | 20260224081030.0 | ||
| 008 | 191104s2018 hu o 100 eng d | ||
| 040 | |a SZTE Egyetemi Kiadványok Repozitórium |b hun | ||
| 041 | |a eng | ||
| 100 | 1 | |a Bácsi Sándor | |
| 245 | 1 | 0 | |a Towards a classification to facilitate the design of domain-specific visual languages |h [elektronikus dokumentum] / |c Bácsi Sándor |
| 260 | |c 2018 | ||
| 300 | |a 144-147 | ||
| 490 | 0 | |a Conference of PhD Students in Computer Science |v 11 | |
| 520 | 3 | |a Domain-specific visual languages (DSVLs) are specialized modeling languages that allow the effective management of the behavior and the structure of software programs and systems in a specific domain. Each DSVL has its specific structural and graphical characteristics depending on the problem domain. In the recent decade, a wide range of tools and methodologies have been introduced to support the design of DSVLs for various domains, therefore it can be a challenging task to choose the most appropriate techniques for the design process. Our research aims to present a classification to guide the identification of the most relevant and appropriate methodologies in the given scenario. The classification is capable enough to provide a clear and precise understanding of the main aspects that can facilitate the design of DSVLs. | |
| 695 | |a Számítástechnika | ||
| 700 | 0 | 1 | |a Mezei Gergely |e aut |
| 710 | |a Conference of PhD students in computer science (11.) (2018) (Szeged) | ||
| 856 | 4 | 0 | |u http://acta.bibl.u-szeged.hu/61788/1/cscs_2018_157-160.pdf |z Dokumentum-elérés |